|
|
|
|
| LEADER |
00000naa2a2200000 4500 |
| 001 |
409380 |
| 005 |
20231101071126.0 |
| 035 |
|
|
|a (RuTPU)RU\TPU\prd\63142
|
| 090 |
|
|
|a 409380
|
| 100 |
|
|
|a 20090303a1975 k y0rusy50 ca
|
| 101 |
0 |
|
|a rus
|
| 102 |
|
|
|a RU
|
| 200 |
1 |
|
|a О некоторых вопросах эволюции объема и состава подземных инфильтрационных вод в алюмоносиликатных породах
|f С. Л. Шварцев
|
| 330 |
|
|
|a Взаимодействие воды с алюмосиликатами характеризуется рядом специфических черт: 1) подщелачиванием раствора, 2) потреблением углекислого газа, 3) химическим разложением воды. Формирующийся характер геохимической среды поэтому определяется соотношением минерализации органического вещества и интенсивностью перехода катионов выветривания, а последнее - состав подземных вод в пределах зоны интенсивного воообмена, который представляет собой разность между составом коренных пород и продуктов выветривания. В условиях длительного соприкосновения воды с породами прогрессирующее ее разложение приводит к избирательному накоплению химических элементов и формированию подземных вод типа азотных терм
|
| 461 |
|
0 |
|0 (RuTPU)RU\TPU\prd\1425
|x 0016-7525
|t Геохимия
|o ежемесячный журнал
|f Российская академия наук (РАН)
|d 1956-
|
| 463 |
|
0 |
|0 (RuTPU)RU\TPU\prd\62554
|t № 6
|v С. 905-917
|d 1975
|
| 610 |
1 |
|
|a труды учёных ТПУ
|
| 700 |
|
1 |
|a Шварцев
|b С. Л.
|c российский гидрогеолог, доктор геолого-минералогических наук
|c профессор Томского политехнического университета, академик РАЕН
|f 1936-
|g Степан Львович
|2 stltpush
|3 (RuTPU)RU\TPU\pers\25914
|4 070
|
| 801 |
|
1 |
|a RU
|b 63413507
|c 20090303
|g PSBO
|
| 801 |
|
2 |
|a RU
|b 63413507
|c 20101110
|g PSBO
|
| 942 |
|
|
|c BK
|